| 000 | 00645nam a2200205 a 4500 | ||
|---|---|---|---|
| 005 | 20250307063825.0 | ||
| 008 | 991125s1965 es 000 0 spa u | ||
| 035 | _aUPN01000001525 | ||
| 049 | _aC | ||
| 050 | 4 |
_aNK3630 _bN4.2 |
|
| 100 | 1 |
_aNerdinger, Eugen, _d1910-1991 _935854 |
|
| 245 | 1 | 0 |
_aAlfabetos : _bcon sus variantes en grotesca, romana y cursiva para publicidad y artes gráficas / _cEugen Nerdinger, Lisa Beck ; tr. W. Zantop. |
| 260 |
_aBarcelona, Esp. : _bG. Gili, _c1965. |
||
| 300 | _a127 p. | ||
| 650 | 4 |
_aAlfabeto _912 |
|
| 650 | 2 |
_aLetras _923253 |
|
| 650 | 2 |
_aDiseño _914202 |
|
| 700 | 1 |
_aBeck, Lisa, _ecoaut. |
|
| 905 | _aLibro | ||
| 999 |
_c1525 _d1525 |
||